Statistiken für Sehenswürdigkeiten aller Schweizer Kantone

Klicken Sie hier um das Quiz zu spielen!

Allgemein

  • Dieses Quiz wurde 31 mal gespielt
  • Das Durchschnittsergebnis liegt bei 8 aus 26

Antwortstatistiken

Antwort% Korrekt
Matterhorn
83%
Rheinfall
72%
Zytglogge
66%
Kloster Einsiedeln
55%
Jet d'Eau
52%
Schloss Lenzburg
52%
Kapellbrücke
48%
Augusta Raurica
45%
Telldenkmal
45%
Schloss Chillon
41%
Burgen von Bellinzona
34%
Martinsloch
34%
Rhätische Bahn
34%
Grossmünster
31%
Tinguely-Brunnen
31%
Aescher
21%
St-Ursanne
21%
Kathedrale Freiburg
17%
Schloss Neuenburg
14%
Schwägalp
10%
St. Ursern-Kathedrale
10%
Flüeli-Ranft
7%
Karthause Ittingen
7%
Zytturm
7%
Winkelried-Denkmal
3%
Stiftsbezirk
0%

Verteilung der Resultate

Perzentil nach korrekt beantworteten Fragen

Anzahl Personen mit jedem Resultat

Ihre Resultats-Entwicklung

Sie haben dieses Quiz noch nicht gespielt